logo

Bir Sreshtho Munshi Abdur Rouf Library
Jhenaidah Cadet College

The coalitional presidency / (Record no. 9196)

MARC details
000 -LEADER
fixed length control field 00919pam a2200313 a 4500
001 - CONTROL NUMBER
JCCL Control Number 9196
003 - CONTROL NUMBER IDENTIFIER
JCCL marc code BD-JhCC
005 - DATE AND TIME OF LATEST TRANSACTION
control field 20180310194005.0
008 - FIXED-LENGTH DATA ELEMENTS--GENERAL INFORMATION
fixed length control field 880527s1989 ilu b 001 0 eng
020 ## - INTERNATIONAL STANDARD BOOK NUMBER
International Standard Book Number 0256026688 :
Terms of availability $22.00
020 ## - INTERNATIONAL STANDARD BOOK NUMBER
International Standard Book Number 0256072000 (pbk.) :
Terms of availability $16.00
035 ## - SYSTEM CONTROL NUMBER
system control number (BD-JhCC)9196
040 ## - CATALOGING SOURCE
Original cataloging agency DLC
Transcribing agency DLC
Modifying agency DLC
-- BD-JhCC
041 ## - LANGUAGE CODE
Language code of Book eng
050 00 - LIBRARY OF CONGRESS CALL NUMBER
Classification number JK518
Item number .S43 1989
082 00 - DEWEY DECIMAL CLASSIFICATION NUMBER
Classification number 321.8/042
DDC Edition number 19
Author mark and Year SEL 1989
100 1# - MAIN ENTRY--PERSONAL NAME
Personal name Seligman, Lester G.
245 14 - TITLE STATEMENT
Title The coalitional presidency /
Statement of responsibility, etc Lester G. Seligman, Cary R. Covington.
260 ## - PUBLICATION, DISTRIBUTION, ETC. (IMPRINT)
Place of publication, distribution, etc Chicago, Ill. :
Name of publisher, distributor, etc Dorsey Press,
Date of publication, distribution, etc c1989.
300 ## - PHYSICAL DESCRIPTION
Pagination x, 191 p. ;
Dimensions 24 cm.
500 ## - GENERAL NOTE
General note Includes index.
504 ## - BIBLIOGRAPHY, ETC. NOTE
Bibliography, etc Bibliography: p. 174-183.
650 #0 - SUBJECT ADDED ENTRY--TOPICAL TERM
Topical term or geographic name as entry element Presidents
Geographic subdivision United States.
650 #0 - SUBJECT ADDED ENTRY--TOPICAL TERM
Topical term or geographic name as entry element Coalition governments
Geographic subdivision United States.
650 #0 - SUBJECT ADDED ENTRY--TOPICAL TERM
Topical term or geographic name as entry element Coalitions
700 1# - ADDED ENTRY--PERSONAL NAME
Personal name Covington, Cary Raymond,
Dates associated with a name 1951-
942 ## - ADDED ENTRY ELEMENTS (KOHA)
Source of classification or shelving scheme Dewey Decimal Classification
Koha item type Books
Holdings
Source of classification or shelving scheme Damaged status Not for loan Home library Current library Shelving location Date of accession Total Checkouts Full call number Barcode Date last seen Copy number Koha item type
Dewey Decimal Classification     JCC Rouf Library JCC Rouf Library General Stacks 03/10/2018   321.8/042 SEL 1989 12353 03/10/2018 C - 1 Books

JCC Library | Contacts | JCC Home

Last Update on 23 September 2017
Copyright @ 2017-2020 JCC Rouf Library
Rouf Library, Jhenidah Cadet College (JCC), Bangladesh